000 00307nam a2200109Ia 4500
008 200302s9999 xx 000 0 und d
100 _aDominique Gauzin-Muller
245 _aSustainable Living 25 International Expmples
260 _bBirkhauser-Publishers for Architecture
260 _c2006
300 _a159 P.,
999 _c5731
_d5731